[Event "Wch-blitz"]
[Site "Saint John CAN"]
[Date "1988.??.??"]
[Round "2"]
[White "Jussupow (Yusupov), Artur"]
[Black "Spraggett, Kevin"]
[Result "1-0"]
[WhiteElo "2620"]
[BlackElo "2580"]
[PlyCount "107"]
[GameId "2160767912583510"]
[EventDate "1988.??.??"]
[EventType "k.o. (blitz)"]
[EventRounds "5"]
[EventCountry "CAN"]
[SourceTitle "EXT 88ch"]

1. d4 Nf6 2. c4 c5 3. d5 b5 4. cxb5 a6 5. bxa6 Bxa6 6. Nc3 d6 7. Nf3 g6 8. e4 Bxf1 9. Kxf1 Bg7 10. g3 O-O 11. Kg2 Nbd7 12. h3 Qc7 13. Re1 Rfb8 14. Re2 c4 15. Nd4 Nc5 16. Nc6 Rb7 17. e5 dxe5 18. Rxe5 Qd6 19. Qe2 Nd3 20. Rxe7 Nxd5 21. Nxd5 Qxd5+ 22. Qe4 Qxe4+ 23. Rxe4 Bxb2 24. Bxb2 Rxb2 25. Rxc4 Rxf2+ 26. Kg1 Raxa2 27. Rxa2 Rxa2 28. Nb4 Ra1+ 29. Kg2 Ne5 30. Rc2 Kg7 31. Nd5 h5 32. h4 Ng4 33. Re2 Ra3 34. Nf4 Kf6 35. Nd5+ Kf5 36. Ne7+ Kf6 37. Nd5+ Kg7 38. Nf4 f6 39. Re7+ Kh6 40. Re8 Ra2+ 41. Kg1 Ne5 42. Ne6 g5 43. Nxg5 Ng4 44. Nf3 Rf2 45. Nd4 Rd2 46. Nf3 Ra2 47. Nd4 Kg6 48. Re2 Ra4 49. Nf3 Kf5 50. Kg2 Rc4 51. Rd2 Ne5 52. Rf2 Ke4 53. Nd2+ Kd3 54. Nxc4 1-0

[Event "Wch-blitz"]
[Site "Saint John CAN"]
[Date "1988.??.??"]
[Round "2"]
[White "Jussupow (Yusupov), Artur"]
[Black "Spraggett, Kevin"]
[Result "1-0"]
[WhiteElo "2620"]
[BlackElo "2580"]
[PlyCount "72"]
[GameId "2160767912583511"]
[EventDate "1988.??.??"]
[EventType "k.o. (blitz)"]
[EventRounds "5"]
[EventCountry "CAN"]
[SourceTitle "EXT 88ch"]

1. d4 Nf6 2. Nf3 g6 3. c4 Bg7 4. Nc3 O-O 5. e4 d6 6. h3 Nbd7 7. Be3 e5 8. d5 a5 9. Nd2 Nc5 10. Be2 Nh5 11. g3 Nf6 12. Qc2 c6 13. O-O-O Bd7 14. Kb1 cxd5 15. cxd5 Rc8 16. Rc1 Ncxe4 17. Ndxe4 Nxe4 18. Qb3 Nc5 19. Qa3 Bf5+ 20. Ka1 Nd3 21. Bxd3 Bxd3 22. Na4 Rxc1+ 23. Rxc1 e4 24. Nb6 h5 25. h4 Be5 26. Qxa5 Qf6 27. Qb4 Rd8 28. Bg5 Qxf2 29. Bxd8 e3 30. Bg5 e2 31. Bd2 Qxg3 32. Nd7 Bg7 33. a4 Kh7 34. Bc3 Qe3 35. Re1 Bxc3 36. Qxc3 Qe4 1-0

[Event "Wch-blitz"]
[Site "Saint John CAN"]
[Date "1988.??.??"]
[Round "2"]
[White "Karpov, Anatoly"]
[Black "Chernin, Alexander"]
[Result "1/2-1/2"]
[WhiteElo "2715"]
[BlackElo "2560"]
[PlyCount "59"]
[GameId "2160767739780295"]
[EventDate "1988.??.??"]
[EventType "k.o. (blitz)"]
[EventRounds "5"]
[EventCountry "CAN"]
[SourceTitle "EXT 1997"]
[Source "ChessBase"]
[SourceDate "1996.11.15"]
[SourceVersion "1"]
[SourceVersionDate "1996.11.15"]
[SourceQuality "1"]

1. c4 Nf6 2. Nf3 c6 3. b3 d5 4. Bb2 Bg4 5. e3 e6 6. Be2 Nbd7 7. O-O Bd6 8. h3 Bh5 9. d4 Qb8 10. Nbd2 O-O 11. Rc1 Re8 12. Qc2 e5 13. dxe5 Nxe5 14. Rfe1 Bg6 15. Qd1 Qd8 16. Nxe5 Bxe5 17. Bxe5 Rxe5 18. Nf3 Re8 19. Qd4 Qe7 20. Red1 Red8 21. Qe5 Qxe5 22. Nxe5 Kf8 23. c5 a5 24. Nf3 Ne4 25. Nd4 Re8 26. Bd3 Ng5 27. Bf1 Ne6 28. Rd2 Nxd4 29. Rxd4 Re4 30. Rcd1 {[...]} 1/2-1/2

[Event "Wch-blitz"]
[Site "Saint John CAN"]
[Date "1988.??.??"]
[Round "2"]
[White "Karpov, Anatoly"]
[Black "Chernin, Alexander"]
[Result "1-0"]
[WhiteElo "2715"]
[BlackElo "2560"]
[PlyCount "73"]
[GameId "2160767912583512"]
[EventDate "1988.??.??"]
[EventType "k.o. (blitz)"]
[EventRounds "5"]
[EventCountry "CAN"]
[SourceTitle "EXT 88ch"]

1. e4 e6 2. d4 d5 3. Nd2 c5 4. exd5 Qxd5 5. Ngf3 cxd4 6. Bc4 Qd6 7. O-O Nf6 8. Nb3 Nc6 9. Nbxd4 Nxd4 10. Nxd4 a6 11. a4 Qc7 12. b3 Bd6 13. h3 O-O 14. Bb2 e5 15. Ne2 Bf5 16. Ng3 Bg6 17. Qe2 Rfe8 18. Rad1 Rad8 19. Rfe1 e4 20. Bxf6 gxf6 21. Qg4 Bxg3 22. Qxg3 Qxg3 23. fxg3 Rxd1 24. Rxd1 e3 25. c3 Bc2 26. Re1 Re5 27. a5 Kf8 28. b4 f5 29. Be2 Be4 30. Rd1 Ke7 31. Kf1 Rd5 32. Rxd5 Bxd5 33. Bf3 Kd6 34. Ke2 Bxf3+ 35. gxf3 Kd5 36. Kxe3 Kc4 37. Kd2 1-0

[Event "Wch-blitz"]
[Site "Saint John CAN"]
[Date "1988.??.??"]
[Round "2"]
[White "Nogueiras, Jesus"]
[Black "Tal, Mikhail"]
[Result "1/2-1/2"]
[WhiteElo "2560"]
[BlackElo "2630"]
[PlyCount "88"]
[GameId "2160767912583516"]
[EventDate "1988.??.??"]
[EventType "k.o. (blitz)"]
[EventRounds "5"]
[EventCountry "CAN"]
[SourceTitle "EXT 88ch"]

1. g3 e5 2. Bg2 Nf6 3. d3 d5 4. Nf3 Bd6 5. c4 c6 6. cxd5 cxd5 7. O-O O-O 8. Bg5 Be6 9. Nc3 Nbd7 10. Rc1 a6 11. Nd2 Be7 12. Nb3 Rc8 13. d4 e4 14. Na4 h6 15. Bf4 Nh5 16. Bd2 Rxc1 17. Qxc1 Qb8 18. Qb1 Rc8 19. Rc1 Rc4 20. Nac5 Nxc5 21. dxc5 Qc7 22. Rxc4 dxc4 23. Nd4 Bd5 24. Bxe4 Qxc5 25. Nf5 Bf8 26. Bc3 g6 27. Ne3 Bxe4 28. Qxe4 b5 29. a3 Qd6 30. Nd5 f5 31. Qf3 Bg7 32. e4 Bxc3 33. bxc3 fxe4 34. Qxe4 Kf7 35. Qf3+ Nf6 36. Nf4 g5 37. Nh5 Kg6 38. Nxf6 Qxf6 39. Qe4+ Qf5 40. Qc6+ Qf6 41. Qe4+ Kg7 42. Qb7+ Kg6 43. Qe4+ Kg7 44. Qb7+ Kg6 1/2-1/2

[Event "Wch-blitz"]
[Site "Saint John CAN"]
[Date "1988.??.??"]
[Round "2"]
[White "Vaganian, Rafael"]
[Black "Dzindzichashvili, Roman"]
[Result "1-0"]
[WhiteElo "2625"]
[BlackElo "2530"]
[PlyCount "105"]
[GameId "2160767912583523"]
[EventDate "1988.??.??"]
[EventType "k.o. (blitz)"]
[EventRounds "5"]
[EventCountry "CAN"]
[SourceTitle "EXT 1997"]
[Source "ChessBase"]
[SourceDate "1996.11.15"]
[SourceVersion "1"]
[SourceVersionDate "1996.11.15"]
[SourceQuality "1"]

1. c4 e5 2. Nc3 Bb4 3. g3 Bxc3 4. bxc3 d6 5. Bg2 Nc6 6. d3 f5 7. Rb1 Nf6 8. Nf3 O-O 9. O-O Qe8 10. c5 Qh5 11. cxd6 cxd6 12. Ba3 Rd8 13. Qd2 Rb8 14. Qg5 Qxg5 15. Nxg5 h6 16. Bxc6 hxg5 17. Bg2 b6 18. f4 gxf4 19. gxf4 Be6 20. Bxd6 Rbc8 21. Bxe5 Ng4 22. c4 g5 23. a4 Nxe5 24. fxe5 Rc5 25. Rb5 f4 26. h4 gxh4 27. Rxf4 h3 28. Bf3 Rd7 29. Kh2 Rg7 30. Rxc5 bxc5 31. Rf6 Bd7 32. Bd5+ Kh7 33. a5 Re7 34. Rf7+ Rxf7 35. Bxf7 Kg7 36. e6 Bc6 37. Kxh3 Kf6 38. Kg3 Ba4 39. Kf4 Bd1 40. e3 Be2 41. Ke4 Bf1 42. d4 cxd4 43. exd4 Bxc4 44. d5 Bb3 45. Kd4 Ba2 46. Kc5 Bb3 47. d6 Ba4 48. Be8 Bxe8 49. d7 Bxd7 50. exd7 Ke7 51. Kc6 Kd8 52. a6 Ke7 53. Kc7 1-0

[Event "Wch-blitz"]
[Site "Saint John CAN"]
[Date "1988.??.??"]
[Round "3"]
[White "Chernin, Alexander"]
[Black "Ehlvest, Jaan"]
[Result "1/2-1/2"]
[WhiteElo "2560"]
[BlackElo "2585"]
[PlyCount "118"]
[GameId "2160767912583525"]
[EventDate "1988.??.??"]
[EventType "k.o. (blitz)"]
[EventRounds "5"]
[EventCountry "CAN"]
[SourceTitle "EXT 88ch"]

1. c4 e5 2. g3 Nc6 3. Bg2 g6 4. Nc3 d6 5. d3 Bg7 6. e3 Be6 7. Nge2 Qd7 8. Nd5 Nge7 9. Rb1 O-O 10. O-O Nc8 11. b3 Nd8 12. Re1 c6 13. Ndc3 Bh3 14. Bh1 Re8 15. Bb2 Ne6 16. Qd2 Ne7 17. d4 exd4 18. Nxd4 Nxd4 19. exd4 d5 20. cxd5 Nxd5 21. Nxd5 cxd5 22. Qa5 Be6 23. Rbc1 b6 24. Qd2 Rac8 25. Bg2 h5 26. Bc3 Bh3 27. Bh1 Kh7 28. Rxe8 Rxe8 29. Re1 Rxe1+ 30. Qxe1 Qf5 31. Qd1 Bf6 32. Bf3 Bg4 33. Kg2 Kg7 34. h4 a5 35. Qe2 Bxf3+ 36. Qxf3 Qc2 37. Be1 Qxa2 38. Qxd5 a4 39. Bc3 Qxb3 40. Qxb3 axb3 41. Kf3 Kf8 42. Ke4 Ke7 43. Kd5 g5 44. hxg5 Bxg5 45. Kc4 Kd6 46. Bb4+ Kc6 47. d5+ Kd7 48. Kxb3 Bf6 49. Kc4 h4 50. gxh4 Bxh4 51. f3 Bf2 52. Kb5 f5 53. Bf8 Be3 54. Kc4 Bf2 55. Kd3 b5 56. Bb4 Bg1 57. Bc3 Bf2 58. Bb4 Bg1 59. Kc2 Kd8 1/2-1/2

[Event "Wch-blitz"]
[Site "Saint John CAN"]
[Date "1988.??.??"]
[Round "3"]
[White "Ehlvest, Jaan"]
[Black "Chernin, Alexander"]
[Result "0-1"]
[WhiteElo "2585"]
[BlackElo "2560"]
[PlyCount "109"]
[GameId "2160767739780298"]
[EventDate "1988.??.??"]
[EventType "k.o. (blitz)"]
[EventRounds "5"]
[EventCountry "CAN"]
[SourceTitle "EXT 1997"]
[Source "ChessBase"]
[SourceDate "1996.11.15"]
[SourceVersion "1"]
[SourceVersionDate "1996.11.15"]
[SourceQuality "1"]

1. e4 d6 2. d4 Nf6 3. Nc3 g6 4. Be3 Bg7 5. f3 c6 6. Qd2 Qa5 7. Nge2 Nbd7 8. Nc1 b5 9. Be2 Qc7 10. O-O O-O 11. Nb3 a5 12. a4 b4 13. Nd1 c5 14. c4 bxc3 15. Nxc3 Qb8 16. Nb5 cxd4 17. Bxd4 Bb7 18. Nxa5 d5 19. Nxb7 Qxb7 20. e5 Ne8 21. f4 Nc7 22. Rfc1 Na6 23. b4 Rfb8 24. Bf3 e6 25. Rab1 Bf8 26. Kh1 Nb6 27. Nd6 Qd7 28. a5 Nc8 29. b5 Nxd6 30. exd6 Rxb5 31. Rxb5 Qxb5 32. Ba1 Bg7 33. Bxg7 Kxg7 34. f5 exf5 35. Bxd5 Rd8 36. Bc4 Qc6 37. Bxa6 Qxa6 38. d7 Qe6 39. Rd1 f6 40. h3 h5 41. Qd3 f4 42. a6 f3 43. a7 fxg2+ 44. Kxg2 Qc6+ 45. Qf3 Qc2+ 46. Kh1 Qa4 47. Qe2 Qc6+ 48. Kh2 Qc7+ 49. Kh1 Qc6+ 50. Kg1 Qb6+ 51. Qf2 Qc7 52. Ra1 Qb7 53. Qg2 Qxd7 54. a8=Q Rxa8 55. Qxa8 {[time]} 0-1

[Event "Wch-blitz"]
[Site "Saint John CAN"]
[Date "1988.??.??"]
[Round "3"]
[White "Ehlvest, Jaan"]
[Black "Chernin, Alexander"]
[Result "1/2-1/2"]
[WhiteElo "2585"]
[BlackElo "2560"]
[PlyCount "117"]
[GameId "2160767912583526"]
[EventDate "1988.??.??"]
[EventType "k.o. (blitz)"]
[EventRounds "5"]
[EventCountry "CAN"]
[SourceTitle "EXT 88ch"]

1. e4 e6 2. d4 d5 3. Nc3 dxe4 4. Nxe4 Bd7 5. Nf3 Bc6 6. Bd3 Nd7 7. c4 Ngf6 8. Nc3 Bxf3 9. Qxf3 c6 10. O-O Be7 11. Rd1 O-O 12. Bf1 Nb6 13. a3 Qc7 14. Bf4 Qd7 15. Be5 Rad8 16. Bd3 Qc8 17. Qe2 Nbd7 18. Bg3 Rfe8 19. Bc2 Bf8 20. Bh4 Qb8 21. Qf3 Be7 22. Bg3 Bd6 23. Bxd6 Qxd6 24. b4 a6 25. h3 h6 26. Bb3 Qc7 27. Rac1 e5 28. c5 exd4 29. Rxd4 Ne5 30. Qd1 Rxd4 31. Qxd4 Qd8 32. Rd1 Qxd4 33. Rxd4 Kf8 34. Kf1 Ned7 35. Bc2 a5 36. Ne4 axb4 37. axb4 Nxe4 38. Rxd7 Nf6 39. Rxb7 Rd8 40. Bb3 Nd5 41. b5 cxb5 42. c6 Ne7 43. c7 Rc8 44. Bd1 Ke8 45. Be2 Kd7 46. Bxb5+ Kd6 47. Bc4 f6 48. Ke2 Rxc7 49. Rxc7 Kxc7 50. Ke3 Kd6 51. Bd3 f5 52. f4 Ke6 53. Bc4+ Kf6 54. Kf3 g5 55. fxg5+ hxg5 56. g3 Ng6 57. Bb3 f4 58. gxf4 Nxf4 59. h4 1/2-1/2

[Event "Wch-blitz"]
[Site "Saint John CAN"]
[Date "1988.??.??"]
[Round "3"]
[White "Ehlvest, Jaan"]
[Black "Chernin, Alexander"]
[Result "0-1"]
[WhiteElo "2585"]
[BlackElo "2560"]
[PlyCount "94"]
[GameId "2160767912583527"]
[EventDate "1988.??.??"]
[EventType "k.o. (blitz)"]
[EventRounds "5"]
[EventCountry "CAN"]
[SourceTitle "EXT 88ch"]

1. Nf3 Nf6 2. d4 e6 3. c4 b6 4. Nc3 Bb4 5. Bg5 Bb7 6. Rc1 h6 7. Bh4 g5 8. Bg3 Ne4 9. d5 Bxc3+ 10. bxc3 Nxg3 11. hxg3 Qf6 12. Qd4 Ke7 13. e4 d6 14. e5 dxe5 15. Nxe5 Nd7 16. Nxd7 Qxd4 17. cxd4 Kxd7 18. dxe6+ Kxe6 19. Kd2 h5 20. f3 Kf6 21. Bd3 Rad8 22. Kc3 Rde8 23. Rce1 Rxe1 24. Rxe1 h4 25. Rh1 Bc8 26. Kd2 Bd7 27. Be4 c5 28. dxc5 bxc5 29. Ke3 Be6 30. Bd3 Ke5 31. f4+ gxf4+ 32. gxf4+ Kf6 33. f5 Bd7 34. Kf4 Bc6 35. Be4 Bxe4 36. Kxe4 Rd8 37. Rb1 Rd4+ 38. Kf3 Rxc4 39. Rb7 Ra4 40. Rc7 Ra5 41. Kg4 Ra4+ 42. Kf3 Kxf5 43. Rxf7+ Ke5 44. Rd7 Rxa2 45. Ke3 Rxg2 46. Rxa7 h3 47. Rh7 h2 0-1

[Event "Wch-blitz"]
[Site "Saint John CAN"]
[Date "1988.??.??"]
[Round "3"]
[White "Kasparov, Garry"]
[Black "Georgiev, Kiril"]
[Result "1/2-1/2"]
[WhiteElo "2750"]
[BlackElo "2595"]
[PlyCount "155"]
[GameId "2160767912583531"]
[EventDate "1988.??.??"]
[EventType "k.o. (blitz)"]
[EventRounds "5"]
[EventCountry "CAN"]
[SourceTitle "EXT 1997"]
[Source "ChessBase"]
[SourceDate "1996.11.15"]
[SourceVersion "1"]
[SourceVersionDate "1996.11.15"]
[SourceQuality "1"]

1. c4 e5 2. Nc3 Nf6 3. Nf3 Nc6 4. g3 d5 5. cxd5 Nxd5 6. Bg2 Nb6 7. O-O Be7 8. a3 a5 9. d3 O-O 10. Be3 Be6 11. Na4 Nd5 12. Bc5 Bd6 13. Rc1 h6 14. Nd2 Rc8 15. Ne4 b6 16. Nxd6 cxd6 17. Bxb6 Nxb6 18. Rxc6 Rb8 19. Nxb6 Rxb6 20. Qc2 Qb8 21. Rxb6 Qxb6 22. Rb1 Bb3 23. Qd2 Rb8 24. Rc1 Be6 25. Rc2 d5 26. h4 a4 27. Bf3 Qd4 28. e3 Qb6 29. d4 e4 30. Be2 Qb3 31. Kg2 g6 32. Bd1 Kg7 33. Qc1 Qb6 34. Rd2 Bd7 35. Qc5 Qxc5 36. dxc5 Bc6 37. Kf1 Kf6 38. Ke1 Ke5 39. Rc2 Rb5 40. Kd2 d4 41. exd4+ Kxd4 42. Be2 Rxc5 43. Rxc5 Kxc5 44. Ke3 f5 45. g4 Kd5 46. gxf5 gxf5 47. Kf4 Ke6 48. Bc4+ Kf6 49. b4 axb3 50. Bxb3 Bb5 51. a4 Ba6 52. Bd5 Bc8 53. Bc6 Ke6 54. Bb5 Kd6 55. Bf1 Kc5 56. Bh3 Kb4 57. Bxf5 Ba6 58. Bxe4 Kxa4 59. Ke5 Kb4 60. f4 Kc5 61. f5 Bc4 62. f6 Bf7 63. Bf5 Kc6 64. Be6 Bh5 65. f7 Bxf7 66. Bxf7 Kd7 67. Kf6 Kd8 68. h5 Kd7 69. Kg7 Ke7 70. Ba2 Ke8 71. Kxh6 Kf8 72. Kg6 Ke7 73. h6 Kd6 74. h7 Kc5 75. h8=Q Kb4 76. Qd4+ Kb5 77. Bd5 Ka6 78. Qc5 1/2-1/2

[Event "Wch-blitz"]
[Site "Saint John CAN"]
[Date "1988.??.??"]
[Round "3"]
[White "Vaganian, Rafael"]
[Black "Wilder, Michael"]
[Result "1-0"]
[WhiteElo "2625"]
[BlackElo "2535"]
[PlyCount "103"]
[GameId "2160767739780300"]
[EventDate "1988.??.??"]
[EventType "k.o. (blitz)"]
[EventRounds "5"]
[EventCountry "CAN"]
[SourceTitle "EXT 1997"]
[Source "ChessBase"]
[SourceDate "1996.11.15"]
[SourceVersion "1"]
[SourceVersionDate "1996.11.15"]
[SourceQuality "1"]

1. Nf3 Nf6 2. c4 g6 3. Nc3 Bg7 4. g3 O-O 5. Bg2 d6 6. d4 Nbd7 7. O-O e5 8. e4 exd4 9. Nxd4 Re8 10. Re1 a6 11. h3 Ne5 12. b3 Rb8 13. a4 Bd7 14. Be3 Qc8 15. Kh2 h5 16. f4 Nc6 17. Nxc6 bxc6 18. Qc2 c5 19. Rab1 Bc6 20. Nd5 Bxd5 21. exd5 Qd7 22. Bd2 Rxe1 23. Rxe1 Re8 24. b4 cxb4 25. Bxb4 Bh6 26. Rxe8+ Qxe8 27. Bc3 Nd7 28. h4 Bg7 29. Ba5 Nf6 30. Bf3 Qd7 31. Kg2 Ng4 32. Qe2 Bd4 33. Qe4 Bc5 34. Bc3 Kh7 35. Bxg4 hxg4 36. h5 Qf5 37. Qxf5 gxf5 38. a5 Kh6 39. Bf6 Kxh5 40. Bd8 Kg6 41. Bxc7 Kf6 42. Bd8+ Kg6 43. Bb6 Bb4 44. Kf2 f6 45. c5 dxc5 46. d6 c4 47. d7 Be7 48. Ke3 c3 49. Kd3 Kf7 50. Kxc3 Ke6 51. d8=Q Bxd8 52. Bxd8 {[...]} 1-0

[Event "Wch-blitz"]
[Site "Saint John CAN"]
[Date "1988.??.??"]
[Round "3"]
[White "Wilder, Michael"]
[Black "Vaganian, Rafael"]
[Result "0-1"]
[WhiteElo "2535"]
[BlackElo "2625"]
[PlyCount "94"]
[GameId "2160767912583535"]
[EventDate "1988.??.??"]
[EventType "k.o. (blitz)"]
[EventRounds "5"]
[EventCountry "CAN"]
[SourceTitle "EXT 1997"]
[Source "ChessBase"]
[SourceDate "1996.11.15"]
[SourceVersion "1"]
[SourceVersionDate "1996.11.15"]
[SourceQuality "1"]

1. d4 Nf6 2. c4 c5 3. d5 b5 4. cxb5 a6 5. e3 g6 6. Nc3 Bg7 7. a4 O-O 8. Nf3 e6 9. dxe6 fxe6 10. Qd6 axb5 11. Bxb5 Na6 12. O-O Ne8 13. Qg3 d5 14. e4 d4 15. Ne2 Nd6 16. Bg5 Qb6 17. Qh4 Nxb5 18. axb5 Qxb5 19. Nf4 Qd7 20. Be7 Rxf4 21. Qxf4 Qxe7 22. b4 cxb4 23. Rfc1 Bb7 24. Ra5 Rf8 25. Qg4 b3 26. h4 Nb4 27. Rb5 b2 28. Rb1 d3 29. h5 Nc2 30. hxg6 hxg6 31. Qxg6 Rf6 32. Qh5 Na3 33. R5xb2 Nxb1 34. Rxb1 Bxe4 35. Ng5 Bg6 36. Qg4 Qa7 37. Nf3 Bf5 38. Qc4 Rg6 39. Qc8+ Kh7 40. Qd8 Bf6 41. Qc8 Rg7 42. Qf8 Qf7 43. Qc8 Qg6 44. g3 Be4 45. Nh2 Bd4 46. Kf1 Qh5 47. Qxe6 Qe2+ 0-1

[Event "Wch-blitz"]
[Site "Saint John CAN"]
[Date "1988.??.??"]
[Round "4"]
[White "Chernin, Alexander"]
[Black "Tal, Mikhail"]
[Result "1-0"]
[WhiteElo "2560"]
[BlackElo "2630"]
[PlyCount "134"]
[GameId "2160767739780301"]
[EventDate "1988.??.??"]
[EventType "k.o. (blitz)"]
[EventRounds "5"]
[EventCountry "CAN"]
[SourceTitle "EXT 1997"]
[Source "ChessBase"]
[SourceDate "1996.11.15"]
[SourceVersion "1"]
[SourceVersionDate "1996.11.15"]
[SourceQuality "1"]

1. d4 g6 2. e4 d6 3. c3 Nf6 4. Bd3 Bg7 5. Nf3 O-O 6. O-O Nbd7 7. h3 e5 8. Be3 Re8 9. Nbd2 d5 10. dxe5 Nxe4 11. Nxe4 dxe4 12. Bg5 f6 13. exf6 Bxf6 14. Bxf6 Qxf6 15. Re1 Nc5 16. Bc4+ Be6 17. Bxe6+ Qxe6 18. Nd4 Qd7 19. Qc2 Nd3 20. Re3 c5 21. Ne2 Rad8 22. Ng3 Qd5 23. Qe2 Nf4 24. Qg4 Rf8 25. Nxe4 h5 26. Qg3 Qf5 27. Rae1 b6 28. h4 c4 29. Qg5 Qxg5 30. hxg5 Nd3 31. R1e2 Nc1 32. Re1 Nd3 33. Rb1 Rf5 34. b3 cxb3 35. axb3 Nf4 36. Rbe1 Nd3 37. Rd1 Rf4 38. Nf6+ Kf7 39. Rdxd3 Rxd3 40. Rxd3 Ke6 41. f3 Rf5 42. Ne4 Ra5 43. c4 Ke5 44. Kf2 Kf4 45. g3+ Ke5 46. Ke3 Ke6 47. Kf4 Ra1 48. Rd6+ Kf7 49. Rc6 Rb1 50. Ke5 Rxb3 51. Rc7+ Ke8 52. Rh7 Rxf3 53. Ke6 Kd8 54. Nd6 Re3+ 55. Kd5 Re7 56. Rh8+ Kd7 57. Ra8 Kc7 58. Rxa7+ Kd8 59. Rxe7 Kxe7 60. Kc6 Ke6 61. Kxb6 Kxd6 62. c5+ Ke5 63. c6 Kf5 64. c7 Kg4 65. c8=Q+ Kxg3 66. Qe6 h4 67. Qxg6 h3 {[... (#)]} 1-0

[Event "Wch-blitz"]
[Site "Saint John CAN"]
[Date "1988.??.??"]
[Round "4"]
[White "Vaganian, Rafael"]
[Black "Georgiev, Kiril"]
[Result "1-0"]
[WhiteElo "2625"]
[BlackElo "2595"]
[PlyCount "95"]
[GameId "2160767912583542"]
[EventDate "1988.??.??"]
[EventType "k.o. (blitz)"]
[EventRounds "5"]
[EventCountry "CAN"]
[SourceTitle "EXT 1997"]
[Source "ChessBase"]
[SourceDate "1996.11.15"]
[SourceVersion "1"]
[SourceVersionDate "1996.11.15"]
[SourceQuality "1"]

1. Nf3 f5 2. g3 Nf6 3. Bg2 g6 4. O-O Bg7 5. d4 O-O 6. c3 d6 7. a4 a5 8. Nbd2 Nc6 9. Qb3+ d5 10. Ne1 e5 11. dxe5 Nxe5 12. Nd3 Nf7 13. Nf3 c6 14. Rd1 Re8 15. e3 Qc7 16. h4 b6 17. c4 Be6 18. Nf4 dxc4 19. Nxe6 Rxe6 20. Qxc4 Re4 21. Qc2 Ree8 22. Nd4 c5 23. Nb5 Qe7 24. Bxa8 Rxa8 25. Bd2 Ne5 26. Bc3 Nf3+ 27. Kf1 f4 28. exf4 Qb7 29. Qb3+ Kf8 30. Nd6 Nh2+ 31. Kg1 Nf3+ 32. Kh1 Qd7 33. Kg2 Nxh4+ 34. gxh4 Qg4+ 35. Kf1 Qh3+ 36. Ke1 Ra7 37. Kd2 Qxh4 38. Be5 Rd7 39. Kc2 Qxf2+ 40. Kb1 Qe2 41. Ka2 Qg4 42. Qxb6 Qe6+ 43. Qb3 Qe7 44. Rac1 Rc7 45. Qb8+ Ne8 46. Bxg7+ Kxg7 47. Nxe8+ Kf7 48. Qxc7 1-0

[Event "Wch-blitz"]
[Site "Saint John CAN"]
[Date "1988.??.??"]
[Round "4"]
[White "Vaganian, Rafael"]
[Black "Georgiev, Kiril"]
[Result "0-1"]
[WhiteElo "2625"]
[BlackElo "2595"]
[PlyCount "87"]
[GameId "2160767739780303"]
[EventDate "1988.??.??"]
[EventType "k.o. (blitz)"]
[EventRounds "5"]
[EventCountry "CAN"]
[SourceTitle "EXT 1997"]
[Source "ChessBase"]
[SourceDate "1996.11.15"]
[SourceVersion "1"]
[SourceVersionDate "1996.11.15"]
[SourceQuality "1"]

1. Nf3 f5 2. e4 fxe4 3. Ng5 d5 4. d3 Qd6 5. dxe4 h6 6. Nh3 dxe4 7. Nf4 Bf5 8. Nc3 Nf6 9. Be3 e5 10. Nfd5 Nxd5 11. Qxd5 Qxd5 12. Nxd5 Bd6 13. O-O-O Nd7 14. h3 Nf6 15. Bc4 a6 16. Rhe1 O-O-O 17. g4 Bg6 18. g5 hxg5 19. Bxg5 Rdf8 20. h4 Kb8 21. Nc3 Ng4 22. Rg1 Nxf2 23. Rxd6 cxd6 24. Be7 Bh5 25. Bxd6+ Ka8 26. Bxf8 Rxf8 27. Rxg7 e3 28. Bd5 Ne4 29. Rg1 Nxc3 30. bxc3 e2 31. Re1 Rf4 32. Kd2 Rxh4 33. c4 Rd4+ 34. Ke3 Rd1 35. Kf2 Rd4 36. c3 Rd2 37. Ke3 Rxa2 38. c5 Ra5 39. c4 Rxc5 40. Rh1 Kb8 41. Kd2 Bg4 42. Rh4 Bd7 43. Kxe2 Bc6 44. Be6 {[time]} 0-1

[Event "Wch-blitz"]
[Site "Saint John CAN"]
[Date "1988.??.??"]
[Round "4"]
[White "Vaganian, Rafael"]
[Black "Georgiev, Kiril"]
[Result "1-0"]
[WhiteElo "2625"]
[BlackElo "2595"]
[PlyCount "145"]
[GameId "2160767912583543"]
[EventDate "1988.??.??"]
[EventType "k.o. (blitz)"]
[EventRounds "5"]
[EventCountry "CAN"]
[SourceTitle "EXT 1997"]
[Source "ChessBase"]
[SourceDate "1996.11.15"]
[SourceVersion "1"]
[SourceVersionDate "1996.11.15"]
[SourceQuality "1"]

1. Nf3 Nf6 2. c4 e6 3. g3 d5 4. Bg2 dxc4 5. Qa4+ Nbd7 6. Qxc4 c5 7. Qb3 a6 8. d3 Be7 9. a4 Ra7 10. a5 b5 11. axb6 Qxb6 12. Nfd2 O-O 13. Na3 Qxb3 14. Nxb3 Bb7 15. Bxb7 Rxb7 16. Na5 Rc7 17. Bf4 e5 18. Bg5 Rb8 19. N3c4 h6 20. Bxf6 Bxf6 21. Ra2 Rb5 22. Kd2 Be7 23. Kc2 g6 24. Rha1 Bf6 25. Ne3 Nb6 26. Nac4 Nxc4 27. dxc4 Rb8 28. Nd5 Rc6 29. Rxa6 Rxa6 30. Rxa6 Bg7 31. Rc6 e4 32. b3 Ra8 33. Nc3 Bxc3 34. Kxc3 Ra2 35. f3 e3 36. Rxc5 Rxe2 37. Kd3 Rb2 38. Kxe3 Rxb3+ 39. Ke4 Kf8 40. Rc7 Ke8 41. h4 g5 42. hxg5 hxg5 43. g4 f6 44. c5 Rb4+ 45. Kd5 Kd8 46. Rf7 Rf4 47. Kd6 Rd4+ 48. Ke6 Rc4 49. Rxf6 Rxc5 50. Rf5 Rc3 51. Kf6 Ke8 52. Kxg5 Ke7 53. Kf4 Rc4+ 54. Kg3 Ke6 55. Rf4 Rc1 56. Ra4 Kf7 57. Kf4 Rc5 58. Ra6 Kg7 59. g5 Rc4+ 60. Kg3 Rc3 61. Kg4 Rc4+ 62. f4 Rb4 63. g6 Kh6 64. Kf5 Rc4 65. Ke5 Kg7 66. f5 Rb4 67. Ra7+ Kg8 68. f6 Rb5+ 69. Kd4 Rb4+ 70. Kc5 Rb8 71. Rg7+ Kf8 72. Rh7 Rc8+ 73. Kb6 1-0

[Event "Wch-blitz"]
[Site "Saint John CAN"]
[Date "1988.??.??"]
[Round "4"]
[White "Vaganian, Rafael"]
[Black "Georgiev, Kiril"]
[Result "1/2-1/2"]
[WhiteElo "2625"]
[BlackElo "2595"]
[PlyCount "114"]
[GameId "2160767912583544"]
[EventDate "1988.??.??"]
[EventType "k.o. (blitz)"]
[EventRounds "5"]
[EventCountry "CAN"]
[SourceTitle "EXT 1997"]
[Source "ChessBase"]
[SourceDate "1996.11.15"]
[SourceVersion "1"]
[SourceVersionDate "1996.11.15"]
[SourceQuality "1"]

1. Nf3 f5 2. g3 Nf6 3. Bg2 g6 4. O-O Bg7 5. d4 O-O 6. c3 d6 7. Nbd2 Nc6 8. Qb3+ e6 9. Re1 d5 10. a4 a5 11. Qc2 Ne4 12. e3 Bd7 13. b3 g5 14. Ba3 Rf7 15. Nxe4 fxe4 16. Nd2 Qf6 17. f3 exf3 18. Nxf3 Bf8 19. Rf1 Qg7 20. Bxf8 Raxf8 21. e4 g4 22. Nh4 Rxf1+ 23. Rxf1 Rxf1+ 24. Bxf1 Ne7 25. e5 Be8 26. Bd3 Ng6 27. Bxg6 hxg6 28. Ng2 Qf7 29. Qf2 Qf5 30. Qxf5 gxf5 31. Nf4 Kf7 32. Kf2 b6 33. Ke3 c5 34. dxc5 bxc5 35. Nd3 c4 36. bxc4 Bxa4 37. cxd5 exd5 38. Kd4 Bb3 39. e6+ Ke7 40. Nc5 a4 41. Ke5 Bc2 42. Nxa4 Bxa4 43. Kxf5 Bd1 44. Ke5 Bf3 45. Kf5 Be4+ 46. Kxg4 Kxe6 47. Kf4 Bd3 48. g4 Kf6 49. h4 Bc4 50. h5 Be2 51. g5+ Kg7 52. Ke5 Bc4 53. Kd4 Kf7 54. Ke5 Kg7 55. Kf5 Be2 56. Ke5 Bf3 57. Kd4 Bxh5 1/2-1/2

[Event "Winter op"]
[Site "Edmonton CAN"]
[Date "1988.05.??"]
[Round "?"]
[White "Gardner, Robert"]
[Black "Chehayeb, Salah"]
[Result "1-0"]
[WhiteElo "2080"]
[BlackElo "1961"]
[PlyCount "69"]
[GameId "2160767912586338"]
[EventDate "1988.05.??"]
[EventCountry "CAN"]

1. e4 e5 2. Nf3 Nc6 3. Bb5 a6 4. Ba4 Nf6 5. d3 d6 6. c3 Be7 7. O-O O-O 8. Nbd2 Bg4 9. h3 Bh5 10. Re1 Nd7 11. g4 Bg6 12. Nf1 h5 13. Ng3 hxg4 14. hxg4 Nf6 15. Nh4 Bh7 16. Nhf5 b5 17. Bb3 Na5 18. Bc2 c5 19. Kg2 d5 20. Rh1 dxe4 21. dxe4 Re8 22. Qf3 Qb6 23. Be3 Nc4 24. g5 Nxe3+ 25. Nxe3 Nd7 26. Rxh7 Bxg5 27. Rh3 Re6 28. Nd5 Qd8 29. Rah1 Bh6 30. Nf5 Qg5+ 31. Rg3 Qd2 32. Nc7 Rf6 33. Nxa8 Qxc2 34. Nxh6+ Kf8 35. Nf5 1-0